| 000 | 00514nam a2200145Ia 4500 | ||
|---|---|---|---|
| 008 | 100204s9999 xx 000 0 und d | ||
| 082 | _b1279 | ||
| 100 | _aमराठे प्रभाकर द. | ||
| 245 | _aधैर्य समुद्र ढवळला | ||
| 260 |
_b"सरिता प्रकाशन, पुणे" _c1978 |
||
| 300 | _a188 | ||
| 630 | _aधैर्य समुद्र ढवळला | ||
| 730 | _aधैर्य समुद्र ढवळला | ||
| 942 | _cBOOK | ||
| 999 |
_c446446 _d446443 |
||